<?xml version="1.0" encoding="UTF-8"?>
<record
    xmlns:xsi="http://www.w3.org/2001/XMLSchema-instance"
    xsi:schemaLocation="http://www.loc.gov/MARC21/slim http://www.loc.gov/standards/marcxml/schema/MARC21slim.xsd"
    xmlns="http://www.loc.gov/MARC21/slim">

  <leader>00888nam a22002657a 4500</leader>
  <controlfield tag="003">DO-SdBNP</controlfield>
  <controlfield tag="005">20240530073926.0</controlfield>
  <controlfield tag="007">ta</controlfield>
  <controlfield tag="008">220127b2019    dr ||||| |||| 00| f spa d</controlfield>
  <datafield tag="020" ind1=" " ind2=" ">
    <subfield code="a">9789945169706</subfield>
  </datafield>
  <datafield tag="040" ind1=" " ind2=" ">
    <subfield code="a">DO-SdBNP</subfield>
    <subfield code="b">spa</subfield>
    <subfield code="c">BNPHU </subfield>
  </datafield>
  <datafield tag="082" ind1=" " ind2="4">
    <subfield code="a">RD863.44</subfield>
    <subfield code="b">M967a</subfield>
    <subfield code="2">22</subfield>
  </datafield>
  <datafield tag="100" ind1="1" ind2=" ">
    <subfield code="a">Mu&#xF1;oz, Eduardo</subfield>
    <subfield code="9">81026</subfield>
  </datafield>
  <datafield tag="245" ind1="1" ind2="3">
    <subfield code="a">El ajedrez de la vida /</subfield>
    <subfield code="c">Eduardo Mu&#xF1;oz ; pr&#xF3;logo y correcci&#xF3;n de estilo Luz M. Abreu Lantigua.</subfield>
  </datafield>
  <datafield tag="246" ind1="1" ind2=" ">
    <subfield code="a">El ajedrez de la vida</subfield>
    <subfield code="b">(novela)</subfield>
  </datafield>
  <datafield tag="260" ind1=" " ind2=" ">
    <subfield code="a">Santo Domingo : </subfield>
    <subfield code="b">B&#xFA;ho,</subfield>
    <subfield code="c">2019.</subfield>
  </datafield>
  <datafield tag="300" ind1=" " ind2=" ">
    <subfield code="a">97 p. ; </subfield>
    <subfield code="c">23 cm. </subfield>
  </datafield>
  <datafield tag="500" ind1=" " ind2=" ">
    <subfield code="a">Incluye datos biogr&#xE1;ficos del autor en las solapas.</subfield>
  </datafield>
  <datafield tag="590" ind1=" " ind2=" ">
    <subfield code="a">Inventariado, 2022 /LP


</subfield>
  </datafield>
  <datafield tag="650" ind1="1" ind2="0">
    <subfield code="a">Novela dominicana</subfield>
    <subfield code="9">223</subfield>
  </datafield>
  <datafield tag="650" ind1="1" ind2="4">
    <subfield code="a">Literatura dominicana</subfield>
  </datafield>
  <datafield tag="700" ind1="1" ind2=" ">
    <subfield code="a">Abreu Lantigua, Luz M.,</subfield>
    <subfield code="e">pr&#xF3;l.</subfield>
    <subfield code="9">81027</subfield>
  </datafield>
  <datafield tag="910" ind1=" " ind2=" ">
    <subfield code="a">Lop&#xE9;rez./Validado. Control de calidad MFF</subfield>
  </datafield>
  <datafield tag="942" ind1=" " ind2=" ">
    <subfield code="2">ddc</subfield>
    <subfield code="c">LBS1</subfield>
  </datafield>
  <datafield tag="952" ind1=" " ind2=" ">
    <subfield code="0">0</subfield>
    <subfield code="1">0</subfield>
    <subfield code="2">ddc</subfield>
    <subfield code="5">3</subfield>
    <subfield code="7">0</subfield>
    <subfield code="8">PD</subfield>
    <subfield code="a">BNPHU</subfield>
    <subfield code="b">BNPHU</subfield>
    <subfield code="c">HD</subfield>
    <subfield code="d">2022-01-27</subfield>
    <subfield code="e">Dep&#xF3;sito Legal </subfield>
    <subfield code="l">0</subfield>
    <subfield code="o">BNPHU PD RD863.44 M967a</subfield>
    <subfield code="p">2022-0301</subfield>
    <subfield code="r">2022-01-27</subfield>
    <subfield code="w">2022-01-27</subfield>
    <subfield code="y">LBS1</subfield>
  </datafield>
  <datafield tag="952" ind1=" " ind2=" ">
    <subfield code="0">0</subfield>
    <subfield code="1">0</subfield>
    <subfield code="2">ddc</subfield>
    <subfield code="5">3</subfield>
    <subfield code="7">0</subfield>
    <subfield code="8">PD</subfield>
    <subfield code="a">BNPHU</subfield>
    <subfield code="b">BNPHU</subfield>
    <subfield code="c">HD</subfield>
    <subfield code="d">2022-01-27</subfield>
    <subfield code="e">Dep&#xF3;sito Legal </subfield>
    <subfield code="l">0</subfield>
    <subfield code="o">BNPHU PD  RD863.44 M967a</subfield>
    <subfield code="p">2022-0302</subfield>
    <subfield code="r">2022-01-27</subfield>
    <subfield code="t">e.2</subfield>
    <subfield code="w">2022-01-27</subfield>
    <subfield code="y">LBS1</subfield>
  </datafield>
  <datafield tag="952" ind1=" " ind2=" ">
    <subfield code="0">0</subfield>
    <subfield code="1">0</subfield>
    <subfield code="2">ddc</subfield>
    <subfield code="5">6</subfield>
    <subfield code="7">0</subfield>
    <subfield code="8">DS</subfield>
    <subfield code="a">BNPHU</subfield>
    <subfield code="b">BNPHU</subfield>
    <subfield code="c">HD</subfield>
    <subfield code="d">2022-01-27</subfield>
    <subfield code="e">Dep&#xF3;sito Legal </subfield>
    <subfield code="l">0</subfield>
    <subfield code="o">BNPHU DS RD863.44 M967a</subfield>
    <subfield code="p">2022-0303</subfield>
    <subfield code="r">2022-01-27</subfield>
    <subfield code="t">e.3</subfield>
    <subfield code="w">2022-01-27</subfield>
    <subfield code="y">LBS1</subfield>
  </datafield>
  <datafield tag="999" ind1=" " ind2=" ">
    <subfield code="c">51241</subfield>
    <subfield code="d">51241</subfield>
  </datafield>
</record>
